| 000 | 01014cam a2200301 a 4500 | ||
|---|---|---|---|
| 005 | 20260322212027.0 | ||
| 008 | data | ||
| 010 | _a 89012817 | ||
| 020 |
_a0870447718 : _c{dollar}10.95 |
||
| 020 |
_a0870447769 (lib. bdg.) : _c{dollar}12.95 |
||
| 020 |
_a9780870447716 : _c{dollar}10.95 |
||
| 020 |
_a9780870447761 (lib. bdg.) : _c{dollar}12.95 |
||
| 040 |
_aDLC _cDLC _dDLC |
||
| 042 | _alcac | ||
| 050 | 0 | 0 |
_aQL113 _b.R56 1989 |
| 082 | 0 | 0 |
_a599.0909/43 _220 |
| 092 | _a599.09 R56 1989 | ||
| 100 | 1 | _aRinard, Judith E. | |
| 245 | 1 | 0 |
_aAnimals of the high mountains / _cJudith E. Rinard. |
| 260 |
_aWashington, D.C. : _bNational Geographic Society, _cc1989. |
||
| 300 |
_a30 [4] p. : _bcol. ill. ; _c28 cm. |
||
| 440 | 0 | _aBooks for young explorers | |
| 504 | _aBibliography: p. [34]. | ||
| 520 | _aDepicts mountain animals from all over the world, including the mountain lion, llama, rock hyrax, and ibex. | ||
| 650 | 0 |
_aMountain animals _xJuvenile literature. |
|
| 650 | 1 | _aMountain animals. | |
| 001 | data | ||
| 999 |
_c605 _d605 |
||